| 000 | 00326nam a2200109Ia 4500 | ||
|---|---|---|---|
| 008 | 220204s9999 xx 000 0 und d | ||
| 082 |
_a028.2875 _bBRY |
||
| 100 | _aBryk, M T | ||
| 245 | 0 | _aDegradation of filled polymers: High temperature and thermal oxidative processes | |
| 260 |
_aNew York _bEllis Horwood _c1991 |
||
| 942 | _cBK | ||
| 999 |
_c40598 _d40598 |
||